Jogadores de Futebol Brasileiros Mais Caros em 2023 - Statistics

Estatísticas Gerais
  • Esse quiz foi jogado 294 vezes
  • A pontuação média é 23 de 30
Estatísticas das Respostas
Clube Valor € Posição Jogador % Correto
Al-Hilal 60,00 mi € Ponta Esquerda Neymar
98%
Real Madrid 150,00 mi € Ponta Esquerda Vinicius Junior
97%
Real Madrid 100,00 mi € Ponta Direira Rodrygo
96%
PSG 65,00 mi € Zagueiro Marquinhos
94%
Real Madrid 70,00 mi € Zagueiro Eder Militão
93%
Manchester City 40,00 mi € Goleiro Ederson
93%
Arsenal 75,00 mi € Centroavante Gabriel Jesus
93%
Liverpool 35,00 mi € Goleiro Alisson
91%
Barcelona 60,00 mi € Ponta Direita Raphinha
90%
Manchester United 40,00 mi € Volante Casemiro
89%
Tottenham 48,00 mi € Centroavante Richarlison
89%
Manchester United 60,00 mi € Ponta Direita Antony
88%
Newcastle 70,00 mi € Volante Bruno Guimarães
87%
Arsenal 80,00 mi € Ponta Esquerda Martinelli
86%
Palmeiras 25,00 mi € Centroavante Endrick
85%
West Ham 45,00 mi € Meio Ofensivo Lucas Paqueta
84%
Arsenal 55,00 mi € Zagueiro Gabriel Magalhães
83%
Athletico Paranaense 32,00 mi € Centroavante Vitor Roque
81%
Juventus 40,00 mi € Zagueiro Bremer
71%
Al-Ittihad 42,00 mi € Volante Fabinho
66%
Newcastle 42,00 mi € Meia Central Joelinton
66%
Nottingham Forest 28,00 mi € Meia Central Danilo
65%
Brighton 32,00 mi € Centroavante João Pedro
63%
Al-Hilal 30,00 mi € Ponta Direita Malcom
58%
Aston Villa 40,00 mi € Meia Central Douglas Luiz
54%
Wolverhampton 25,00 mi € Centroavante Mathues Cunha
52%
Porto 25,00 mi € Meia Direita Pepe
51%
Benfica 25,00 mi € Ponta Direita David Neres
44%
Al-Ahli 30,00 mi € Zagueiro Ibanez
43%
Galatasaray 25,00 mi € Ponta Direita Tete
22%
Nenhum quiz correspondente encontrado
Distribuição das Pontuações
Porcentagem de Pessoas com Cada Pontuação
Percentil de Números Respondidos
Sua Pontuação Histórica
Você não jogou esse quiz